Villes de l'Hérault en images - Statistiques

Statistiques générales
  • Ce quiz a été pris 250 fois
  • Le résultat moyen est 9 sur 18
Statistiques - réponses
Par images Hint Réponse % Correct
M Montpellier
98%
S Sète
94%
(La) G La Grande-Motte
91%
B Béziers
87%
A Agde
67%
F Frontignan
63%
P Palavas-les-Flots
60%
L Lattes
52%
V Valras-Plage
40%
L Lodève
39%
L Lunel
39%
C Clermont l'Hérault
24%
J Jacou
22%
(La) S La Salvetat-sur-Agout
19%
V Villeneuve-lès-Maguelone
18%
B Bouzigues
16%
M Mauguio
16%
S Saint-Gély-du-Fesc
9%
Aucun quiz correspondant
Distribution des résultats
% des personnes avec chaque résultat
Percentile par nombre de réponses
Votre historique - résultats
Vous n’avez pas pris ce quiz